[Event "American Continental 06th"]
[Site "Sao Paulo"]
[Date "2009.07.27"]
[Round "4"]
[White "Cardoso, Cicero Assuncao Jr"]
[Black "Bibiloni, Jorge Jaime"]
[Result "0-1"]
[WhiteElo "1888"]
[BlackElo "2109"]
[PlyCount "48"]
[EventDate "2009.07.25"]
[EventType "swiss"]
[EventRounds "11"]
[EventCountry "BRA"]
[SourceTitle "CBM 132 Extra"]
[Source "ChessBase"]
[SourceDate "2009.11.03"]
[SourceVersion "1"]
[SourceVersionDate "2009.11.03"]
[SourceQuality "1"]

1. Nf3 Nc6 2. c4 e5 3. Nc3 Nf6 4. d3 g6 5. g3 Bg7 6. Bg2 0-0 7. 0-0 d6 8. Be3 h6 9. Rb1 Be6 10. b4 Ng4 11. Bd2 f5 12. b5 Ne7 13. Ne1 d5 14. Qa4 a6 15. cxd5 Nxd5 16. Qb3 Nf4 17. Qb4 Nxg2 18. Nxg2 b6 19. a4 Re8 20. bxa6 Rxa6 21. Rfc1 Bf7 22. Nb5 c5 23. Qb2 Rxa4 24. Bc3 Ra2 0-1

[Event "American Continental 06th"]
[Site "Sao Paulo"]
[Date "2009.07.26"]
[Round "2"]
[White "Vescovi, Giovanni P"]
[Black "Bibiloni, Jorge Jaime"]
[Result "1-0"]
[WhiteElo "2631"]
[BlackElo "2109"]
[PlyCount "111"]
[EventDate "2009.07.25"]
[EventType "swiss"]
[EventRounds "11"]
[EventCountry "BRA"]
[SourceTitle "CBM 132 Extra"]
[Source "ChessBase"]
[SourceDate "2009.11.03"]
[SourceVersion "1"]
[SourceVersionDate "2009.11.03"]
[SourceQuality "1"]

1. d4 d5 2. c4 e6 3. Nc3 c5 4. cxd5 exd5 5. Nf3 Nc6 6. g3 Nf6 7. Bg2 Be7 8. 0-0 0-0 9. b3 Bg4 10. dxc5 Bxc5 11. Bb2 a6 12. Rc1 Ba7 13. Na4 Ne4 14. Nd4 Rc8 15. Rxc6 Rxc6 16. Nxc6 bxc6 17. Qd3 Qe7 18. e3 Re8 19. f3 Nd2 20. fxg4 Bxe3+ 21. Kh1 Nxf1 22. Bxf1 Ba7 23. Kg2 Qe1 24. Bd4 Bxd4 25. Qxd4 Qb1 26. Qf2 Qe4+ 27. Qf3 Qc2+ 28. Qf2 Qe4+ 29. Kg1 a5 30. h3 Qb4 31. Nc5 Qc3 32. Nd3 d4 33. Nf4 Re3 34. Kg2 a4 35. Bc4 axb3 36. axb3 Qe1 37. Ne2 Qxf2+ 38. Kxf2 c5 39. Nf4 Re7 40. Nd3 Rc7 41. Kf3 Kf8 42. Ke4 Re7+ 43. Kf4 Re3 44. g5 f6 45. gxf6 gxf6 46. Nxc5 Ke7 47. Ne6 f5 48. Ng7 Re4+ 49. Kxf5 Re1 50. Nh5 Kd6 51. Nf6 h6 52. Ne4+ Kc6 53. Ke5 Rh1 54. h4 Rd1 55. Nf2 Rg1 56. g4 1-0

[Event "ARG-ch sf 83rd"]
[Site "Buenos Aires"]
[Date "2008.07.26"]
[Round "6"]
[White "Pereyra, Horacio"]
[Black "Bibiloni, Jorge Jaime"]
[Result "1-0"]
[WhiteElo "2001"]
[BlackElo "2153"]
[PlyCount "137"]
[EventDate "2008.07.21"]
[EventType "swiss"]
[EventRounds "9"]
[EventCountry "ARG"]
[SourceTitle "CBM 125 Extra"]
[Source "ChessBase"]
[SourceDate "2008.09.01"]
[SourceVersion "1"]
[SourceVersionDate "2008.09.01"]
[SourceQuality "1"]

1. e4 e5 2. Nf3 d6 3. d4 Nd7 4. Bc4 c6 5. c3 b5 6. Bb3 Be7 7. 0-0 h6 8. Qe2 Ngf6 9. Nbd2 Qc7 10. Re1 a6 11. a4 0-0 12. Nf1 Re8 13. Ng3 Bf8 14. Bd2 Bb7 15. dxe5 dxe5 16. axb5 cxb5 17. Nh4 Nc5 18. Bc2 Rad8 19. Rad1 Ne6 20. Nhf5 Nf4 21. Qf3 Bc5 22. Ne2 Nxe2+ 23. Rxe2 Bc8 24. Nxh6+ gxh6 25. Qxf6 Rd6 26. Qh4 Rg6 27. h3 Kh7 28. Be3 Reg8 29. g3 Be7 30. Qh5 Be6 31. Kh2 f6 32. Rg1 Qc8 33. f4 Bc4 34. Rf2 Bc5 35. Qf3 Bxe3 36. Qxe3 Re8 37. Rd2 Rd8 38. Rxd8 Qxd8 39. Rd1 Qc7 40. f5 Rg7 41. Qd2 a5 42. Qd6 Qa7 43. Qd2 a4 44. Kg2 a3 45. bxa3 Qxa3 46. Bd3 Rd7 47. Qe2 Qxc3 48. Bxc4 Rxd1 49. Qxd1 Qxc4 50. Qd7+ Kh8 51. Qe8+ Qg8 52. Qxb5 Qa2+ 53. Kf3 Kg7 54. Qd7+ Kf8 55. Qd8+ Kf7 56. Qd5+ Qxd5 57. exd5 Ke7 58. g4 Kd6 59. Ke4 Kc7 60. h4 Kd6 61. g5 fxg5 62. hxg5 hxg5 63. f6 g4 64. Ke3 Kd7 65. Kf2 e4 66. Kg3 e3 67. Kg2 Ke8 68. d6 e2 69. Kf2 1-0

[Event "Mar del Plata op 39th"]
[Site "Mar del Plata"]
[Date "2008.03.20"]
[Round "7"]
[White "Bibiloni, Jorge Jaime"]
[Black "Acosta, Mariano2222"]
[Result "0-1"]
[WhiteElo "2180"]
[BlackElo "2021"]
[PlyCount "54"]
[EventDate "2008.03.15"]
[EventType "swiss"]
[EventRounds "9"]
[EventCountry "ARG"]
[SourceTitle "CBM 123 Extra"]
[Source "ChessBase"]
[SourceDate "2008.05.06"]
[SourceVersion "1"]
[SourceVersionDate "2008.05.06"]
[SourceQuality "1"]

1. e4 Nf6 2. e5 Nd5 3. d4 d6 4. Nf3 g6 5. Bc4 Nb6 6. Bb3 Bg7 7. Ng5 e6 8. f4 dxe5 9. fxe5 c5 10. c3 cxd4 11. cxd4 Nc6 12. Be3 Nd5 13. Qf3 0-0 14. Bxd5 Qxd5 15. Qh3 h6 16. Nc3 Qc4 17. Nf3 Qd3 18. Kf2 Qc2+ 19. Ne2 Qf5 20. g4 Qe4 21. Rad1 Nb4 22. Bxh6 Nd3+ 23. Rxd3 Qxd3 24. Ng5 Qxh3 25. Nxh3 Bxh6 26. g5 Bg7 27. Rc1 Bd7 0-1

[Event "Mar del Plata op 39th"]
[Site "Mar del Plata"]
[Date "2008.03.15"]
[Round "1"]
[White "Barahona, Mario"]
[Black "Bibiloni, Jorge Jaime"]
[Result "0-1"]
[WhiteElo "1860"]
[BlackElo "2180"]
[PlyCount "70"]
[EventDate "2008.03.15"]
[EventType "swiss"]
[EventRounds "9"]
[EventCountry "ARG"]
[SourceTitle "CBM 123 Extra"]
[Source "ChessBase"]
[SourceDate "2008.05.06"]
[SourceVersion "1"]
[SourceVersionDate "2008.05.06"]
[SourceQuality "1"]

1. d4 Nf6 2. Nf3 c5 3. e3 b6 4. Bd3 Bb7 5. Nbd2 Nc6 6. c3 e6 7. b3 Be7 8. 0-0 0-0 9. Ba3 d6 10. Qe2 Re8 11. e4 g6 12. Rad1 a5 13. Bb5 Qc7 14. c4 cxd4 15. Bxc6 Bxc6 16. Nxd4 a4 17. Nxc6 Qxc6 18. Bb2 axb3 19. axb3 Ra2 20. Rb1 Rc8 21. Rfd1 Qb7 22. e5 dxe5 23. Bxe5 b5 24. Qd3 Rd8 25. Qe2 Nd7 26. Rb2 Rxb2 27. Bxb2 bxc4 28. Qxc4 Nf6 29. Qc2 Qd5 30. Qc3 e5 31. Qxe5 Qxe5 32. Bxe5 Ne4 33. Bf4 Bb4 34. f3 Nxd2 35. Kf2 Ne4+ 0-1

[Event "American Continental 04th"]
[Site "Cali"]
[Date "2007.07.16"]
[Round "7"]
[White "Ibarra Chami, Luis Fernando"]
[Black "Bibiloni, Jorge Jaime"]
[Result "1-0"]
[WhiteElo "2386"]
[BlackElo "2145"]
[PlyCount "81"]
[EventDate "2007.07.10"]
[EventType "swiss"]
[EventRounds "11"]
[EventCountry "COL"]
[SourceTitle "CBM 119 Extra"]
[Source "ChessBase"]
[SourceDate "2007.09.04"]
[SourceVersion "1"]
[SourceVersionDate "2007.09.04"]
[SourceQuality "1"]

1. d4 Nf6 2. Nc3 d6 3. e4 g6 4. Nf3 Bg7 5. Bc4 c6 6. e5 dxe5 7. Nxe5 0-0 8. 0-0 Nbd7 9. f4 Nb6 10. Bb3 a5 11. a4 Nbd5 12. Ne2 Ng4 13. Qd3 Nxe5 14. fxe5 b6 15. c4 Nb4 16. Qf3 Bf5 17. Bf4 Bc2 18. Bxc2 Nxc2 19. Rad1 Nb4 20. Qe3 f5 21. Bg5 Qe8 22. e6 Ra7 23. g4 Kh8 24. Bh6 Rf6 25. Bxg7+ Kxg7 26. Ng3 fxg4 27. Qe5 Kg8 28. Rxf6 exf6 29. Qxf6 Re7 30. d5 cxd5 31. cxd5 Nxd5 32. Rxd5 Rxe6 33. Qd4 Qc6 34. Rd8+ Kf7 35. Rh8 Rf6 36. Qxg4 Qc1+ 37. Kg2 Qxb2+ 38. Kh3 Qd2 39. Qc4+ Re6 40. Qf1+ Rf6 41. Qxf6+ 1-0

[Event "American Continental 04th"]
[Site "Cali"]
[Date "2007.07.11"]
[Round "2"]
[White "Guerrero, Hebert"]
[Black "Bibiloni, Jorge Jaime"]
[Result "0-1"]
[WhiteElo "2041"]
[BlackElo "2145"]
[PlyCount "64"]
[EventDate "2007.07.10"]
[EventType "swiss"]
[EventRounds "11"]
[EventCountry "COL"]
[SourceTitle "CBM 119 Extra"]
[Source "ChessBase"]
[SourceDate "2007.09.04"]
[SourceVersion "1"]
[SourceVersionDate "2007.09.04"]
[SourceQuality "1"]

1. e4 e5 2. Nf3 d6 3. d4 exd4 4. Nxd4 Nf6 5. Nc3 Be7 6. Be2 0-0 7. 0-0 c5 8. Nf3 Nc6 9. a3 h6 10. h3 Be6 11. Re1 Re8 12. Bf1 Bf8 13. Bf4 d5 14. exd5 Nxd5 15. Nxd5 Qxd5 16. Qxd5 Bxd5 17. Rxe8 Rxe8 18. Re1 Rd8 19. Nd2 Nd4 20. c3 Ne6 21. Be3 Bc6 22. Nc4 b6 23. Be2 Ba4 24. Kf1 Nc7 25. Bc1 Nd5 26. Ne3 Nf4 27. Bd1 Bb5+ 28. c4 Ba6 29. Bc2 Rd4 30. b3 Ne6 31. Bb2 Rd8 32. Nd5 Rxd5 0-1

[Event "American Continental 04th"]
[Site "Cali"]
[Date "2007.07.10"]
[Round "1"]
[White "Bibiloni, Jorge Jaime"]
[Black "Mekhitarian, Krikor Sevag"]
[Result "0-1"]
[WhiteElo "2145"]
[BlackElo "2420"]
[PlyCount "100"]
[EventDate "2007.07.10"]
[EventType "swiss"]
[EventRounds "11"]
[EventCountry "COL"]
[SourceTitle "CBM 119 Extra"]
[Source "ChessBase"]
[SourceDate "2007.09.04"]
[SourceVersion "1"]
[SourceVersionDate "2007.09.04"]
[SourceQuality "1"]

1. e4 c5 2. d3 Nc6 3. g3 g6 4. Bg2 Bg7 5. f4 d6 6. Nf3 Rb8 7. 0-0 Bg4 8. h3 Bxf3 9. Qxf3 Nf6 10. c3 0-0 11. Be3 Nd7 12. Nd2 Qc7 13. Rac1 Qa5 14. a3 Qb5 15. Nc4 Nb6 16. Nxb6 axb6 17. Rf2 Qb3 18. Bf1 f5 19. Qd1 Qf7 20. Bg2 fxe4 21. dxe4 Kh8 22. Qd3 e6 23. Rd1 Rbd8 24. Qb5 Qc7 25. h4 Ne7 26. Rfd2 e5 27. Qb3 Bh6 28. Qe6 Nc8 29. Rd3 Rde8 30. Qg4 Qf7 31. Rf1 Qe7 32. Bc1 b5 33. h5 exf4 34. hxg6 Rg8 35. Bxf4 Rxg6 36. Qe2 Bxf4 37. Rxf4 Nb6 38. Rdf3 Nc4 39. Rf7 Qg5 40. Rxb7 Ne5 41. Rf5 Qxg3 42. Rh5 h6 43. Qf2 Qg4 44. Rf5 Reg8 45. Kh1 Qxg2+ 46. Qxg2 Rxg2 47. Rxb5 Rg1+ 48. Kh2 R8g2+ 49. Kh3 Rg3+ 50. Kh2 Ng4# 0-1

[Event "Mar del Plata op 37th"]
[Site "Mar del Plata"]
[Date "2006.04.13"]
[Round "7"]
[White "Roman, Facundo"]
[Black "Bibiloni, Jorge Jaime"]
[Result "0-1"]
[WhiteElo "2319"]
[BlackElo "2171"]
[PlyCount "46"]
[EventDate "2006.04.08"]
[EventType "swiss"]
[EventRounds "9"]
[EventCountry "ARG"]
[SourceTitle "CBM 111 Extra"]
[Source "ChessBase"]
[SourceDate "2006.05.09"]
[SourceVersion "1"]
[SourceVersionDate "2006.05.09"]
[SourceQuality "1"]

1. e4 e5 2. Nf3 Nc6 3. Bb5 a6 4. Ba4 d6 5. Bxc6+ bxc6 6. d4 f6 7. c3 Be6 8. Nbd2 g6 9. 0-0 Bg7 10. Qa4 Ne7 11. dxe5 fxe5 12. Ng5 Bg8 13. f4 exf4 14. Nh3 h6 15. Nxf4 Bf7 16. Nd5 0-0 17. Nxe7+ Qxe7 18. Qxc6 d5 19. exd5 Qe3+ 20. Kh1 Qd3 21. Rxf7 Rxf7 22. Qxa8+ Bf8 23. Nf3 Rxf3 0-1

[Event "Mar del Plata op 37th"]
[Site "Mar del Plata"]
[Date "2006.04.09"]
[Round "3"]
[White "Bitelmajer, Martin"]
[Black "Bibiloni, Jorge Jaime"]
[Result "1-0"]
[WhiteElo "2301"]
[BlackElo "2171"]
[PlyCount "113"]
[EventDate "2006.04.08"]
[EventType "swiss"]
[EventRounds "9"]
[EventCountry "ARG"]
[SourceTitle "CBM 111 Extra"]
[Source "ChessBase"]
[SourceDate "2006.05.09"]
[SourceVersion "1"]
[SourceVersionDate "2006.05.09"]
[SourceQuality "1"]

1. d4 Nf6 2. c4 e6 3. g3 c5 4. d5 exd5 5. cxd5 d6 6. Nc3 g6 7. Bg2 Bg7 8. Nf3 0-0 9. 0-0 a6 10. a4 Re8 11. Bf4 h6 12. Re1 g5 13. Bd2 Nbd7 14. h4 g4 15. Nh2 Ne5 16. Qc1 h5 17. Qc2 Bd7 18. Rab1 b5 19. axb5 axb5 20. b4 c4 21. Nf1 Ra3 22. Ne3 Qc8 23. Ra1 Rb3 24. Reb1 Rxb1+ 25. Qxb1 Ng6 26. Ra5 Nh7 27. Be4 Nhf8 28. Bf5 Rxe3 29. Bxd7 Rxg3+ 30. fxg3 Qxd7 31. Qf1 Be5 32. Qf2 Qd8 33. Ne4 Nd7 34. Rxb5 Qe8 35. Ra5 Ne7 36. Bc3 f5 37. Bxe5 dxe5 38. Nd6 Qg6 39. Nxc4 f4 40. Ra8+ Nf8 41. Nxe5 Qb1+ 42. Qf1 Qxb4 43. Qxf4 Qe1+ 44. Kg2 Qxe2+ 45. Qf2 Qxe5 46. Rxf8+ Kg7 47. Qf7+ Kh6 48. Qf6+ Qxf6 49. Rxf6+ Kg7 50. Rd6 Nf5 51. Re6 Kf7 52. Kf2 Ng7 53. Re5 Kf6 54. Rg5 Kf7 55. Ke3 Kf6 56. Kf4 Kf7 57. Rxg7+ 1-0

[Event "Buenos Aires-ch qual"]
[Site "Buenos Aires"]
[Date "2006.03.29"]
[Round "9.31"]
[White "Alza, Agustin"]
[Black "Bibiloni, Jorge Jaime"]
[Result "1-0"]
[WhiteElo "2084"]
[BlackElo "2199"]
[PlyCount "75"]
[EventDate "2006.03.21"]
[EventType "swiss"]
[EventRounds "9"]
[EventCountry "ARG"]
[SourceTitle "CBM 111 Extra"]
[Source "ChessBase"]
[SourceDate "2006.05.09"]
[SourceVersion "1"]
[SourceVersionDate "2006.05.09"]
[SourceQuality "1"]

1. d4 Nf6 2. c4 e6 3. g3 c5 4. d5 exd5 5. cxd5 d6 6. Nc3 g6 7. Bg2 Bg7 8. Nf3 0-0 9. 0-0 Re8 10. h3 a6 11. a4 Ne4 12. Nxe4 Rxe4 13. Nd2 Rb4 14. Ra2 b5 15. axb5 Nd7 16. Qc2 Nb6 17. bxa6 Bxa6 18. Re1 Bb5 19. b3 c4 20. bxc4 Nxc4 21. Rxa8 Qxa8 22. Ne4 Ba4 23. Qd3 f5 24. Ng5 Qc8 25. e4 Ne5 26. Qa3 Qc4 27. Bf1 Qb3 28. Re3 Qb1 29. Bd2 Nc4 30. Qxb4 Qxb4 31. Bxb4 Nxe3 32. fxe3 Be5 33. Kf2 Bc2 34. Nf3 Bxe4 35. Nxe5 dxe5 36. d6 Bc6 37. Bc4+ Kg7 38. Be6 1-0

[Event "Buenos Aires-ch qual"]
[Site "Buenos Aires"]
[Date "2006.03.22"]
[Round "2.36"]
[White "Bibiloni, Jorge Jaime"]
[Black "Quarracino, Santiago"]
[Result "0-1"]
[WhiteElo "2199"]
[BlackElo "2060"]
[PlyCount "106"]
[EventDate "2006.03.21"]
[EventType "swiss"]
[EventRounds "9"]
[EventCountry "ARG"]
[SourceTitle "CBM 111 Extra"]
[Source "ChessBase"]
[SourceDate "2006.05.09"]
[SourceVersion "1"]
[SourceVersionDate "2006.05.09"]
[SourceQuality "1"]

1. e4 Nf6 2. d3 e5 3. Nf3 Nc6 4. Be2 Be7 5. 0-0 0-0 6. Nbd2 d5 7. c3 Re8 8. Qc2 Bf8 9. a3 a5 10. b3 Bg4 11. h3 Bh5 12. Re1 h6 13. Nf1 Bg6 14. Ng3 Nh5 15. Nxh5 Bxh5 16. Bb2 Bxf3 17. Bxf3 d4 18. c4 Bc5 19. g3 Qe7 20. Rf1 Rf8 21. Bc1 Rfe8 22. Ra2 Rf8 23. Qd1 Kh7 24. Bg4 Rh8 25. Qe1 Kg8 26. f4 h5 27. Bd1 Kf8 28. Rff2 h4 29. g4 exf4 30. Bxf4 g5 31. Bc1 Kg7 32. Rf5 f6 33. Raf2 Rhf8 34. Qf1 Ne5 35. Bb2 Rad8 36. Be2 Ng6 37. Qa1 Qd6 38. R2f3 Ne7 39. b4 axb4 40. axb4 Bxb4 41. Rb5 Ra8 42. Qf1 b6 43. Rxb4 Qxb4 44. Bxd4 Qd6 45. Qf2 c5 46. Bc3 Nc6 47. Rf5 Nd4 48. Bxd4 Qxd4 49. Qxd4 cxd4 50. e5 Ra1+ 51. Kg2 Ra2 52. exf6+ Kg6 53. Kg1 Rxe2 0-1

[Event "American Continental 03rd"]
[Site "Buenos Aires"]
[Date "2005.08.13"]
[Round "8"]
[White "Contreras, Henry"]
[Black "Bibiloni, Jorge Jaime"]
[Result "1-0"]
[WhiteElo "2328"]
[BlackElo "2178"]
[PlyCount "95"]
[EventDate "2005.08.06"]
[EventType "swiss"]
[EventRounds "11"]
[EventCountry "ARG"]
[SourceTitle "CBM 107 Extra"]
[Source "ChessBase"]
[SourceDate "2005.09.01"]
[SourceVersion "1"]
[SourceVersionDate "2005.09.01"]
[SourceQuality "1"]

1. e4 e5 2. Nf3 d6 3. d4 exd4 4. Nxd4 Nf6 5. Nc3 Be7 6. Bc4 0-0 7. 0-0 a6 8. a4 Nc6 9. Re1 Ne5 10. Bf1 c5 11. Nde2 Ng6 12. Nf4 Bg4 13. f3 Nxf4 14. Bxf4 Be6 15. Re2 Qb6 16. a5 Qc6 17. Rd2 Rad8 18. Bg5 h6 19. Bxf6 Bxf6 20. Kh1 Bg5 21. Nd5 Rde8 22. f4 Bd8 23. Bc4 Bc8 24. Qf3 Re6 25. g4 Rfe8 26. Re2 Kh8 27. Kg2 Qd7 28. h3 g5 29. fxg5 hxg5 30. Nb6 Bxb6 31. Bxe6 Qxe6 32. axb6 Bd7 33. Rae1 Bc6 34. Qf5 Qxf5 35. gxf5 Re5 36. Kg3 c4 37. c3 Rb5 38. Rd1 Rxb6 39. Rxd6 Kg7 40. e5 Rb5 41. Kg4 Bd5 42. Kxg5 Bf3 43. Re3 Bc6 44. f6+ Kh7 45. Rd2 Bd5 46. Rd4 Be6 47. Rh4+ Kg8 48. Kf4 1-0

[Event "American Continental 03rd"]
[Site "Buenos Aires"]
[Date "2005.08.10"]
[Round "5"]
[White "Bibiloni, Jorge Jaime"]
[Black "Toniutti, Ezio"]
[Result "1-0"]
[WhiteElo "2178"]
[BlackElo "2051"]
[PlyCount "73"]
[EventDate "2005.08.06"]
[EventType "swiss"]
[EventRounds "11"]
[EventCountry "ARG"]
[SourceTitle "CBM 107 Extra"]
[Source "ChessBase"]
[SourceDate "2005.09.01"]
[SourceVersion "1"]
[SourceVersionDate "2005.09.01"]
[SourceQuality "1"]

1. e4 c5 2. d3 Nc6 3. g3 d6 4. Bg2 Nf6 5. f4 g6 6. Nf3 Bg7 7. 0-0 Bd7 8. h3 h5 9. c3 Qc8 10. Ng5 Qc7 11. a4 e6 12. Na3 Ne7 13. Nc4 0-0 14. Qe1 Rad8 15. e5 Ne8 16. g4 d5 17. Ne3 f6 18. exf6 Nxf6 19. Qg3 Bc8 20. Bd2 Qb6 21. b3 Qc7 22. Rae1 Rfe8 23. Re2 Nc6 24. Nc2 e5 25. f5 hxg4 26. hxg4 d4 27. c4 Qd6 28. fxg6 Ne7 29. Nf7 Qe6 30. Nxd8 Rxd8 31. g5 Nf5 32. Qxe5 Qxe5 33. Rxe5 Ng4 34. Rexf5 Bxf5 35. Rxf5 Re8 36. Bd5+ Kh8 37. Rf4 1-0

[Event "Mar del Plata op"]
[Site "Mar del Plata"]
[Date "2004.04.03"]
[Round "1"]
[White "Vasta, Eduardo"]
[Black "Bibiloni, Jorge Jaime"]
[Result "1-0"]
[WhiteElo "2367"]
[BlackElo "2186"]
[PlyCount "43"]
[EventDate "2004.04.02"]
[EventType "swiss"]
[EventRounds "9"]
[EventCountry "ARG"]
[SourceTitle "CBM 099 Extra"]
[Source "ChessBase"]
[SourceDate "2004.05.04"]
[SourceVersion "1"]
[SourceVersionDate "2004.05.04"]
[SourceQuality "1"]

1. e4 d5 2. exd5 Qxd5 3. Nc3 Qa5 4. d4 Nf6 5. Nf3 Bg4 6. h3 Bxf3 7. Qxf3 c6 8. Bd3 Nbd7 9. 0-0 e6 10. a3 Bd6 11. Ne4 Nxe4 12. Bxe4 Nf6 13. Bd3 0-0 14. b4 Qh5 15. g4 Qh4 16. g5 Nh5 17. Re1 Nf4 18. Re4 Nxh3+ 19. Kg2 Nxg5 20. Rxh4 Nxf3 21. Bxh7+ Kh8 22. Kxf3 1-0

[Event "Buenos Aires CAA"]
[Site "Buenos Aires"]
[Date "2004.??.??"]
[Round "?"]
[White "Bronstein, Luis Marcos"]
[Black "Bibiloni, Jorge Jaime"]
[Result "1/2-1/2"]
[WhiteElo "2343"]
[BlackElo "2189"]
[PlyCount "94"]
[EventDate "2004.03.22"]
[EventType "tourn"]
[EventRounds "9"]
[EventCountry "ARG"]
[EventCategory "2"]
[SourceTitle "EXT 2005"]
[Source "ChessBase"]
[SourceDate "2004.11.15"]
[SourceVersion "1"]
[SourceVersionDate "2004.11.15"]
[SourceQuality "1"]

1. e4 e5 2. Nf3 Nc6 3. Bb5 a6 4. Ba4 Nf6 5. 0-0 Be7 6. Nc3 b5 7. Bb3 d6 8. Nd5 0-0 9. Nxf6+ Bxf6 10. Bd5 Be7 11. c3 Rb8 12. d4 Na5 13. a3 c6 14. Ba2 Bg4 15. dxe5 dxe5 16. Qe2 h6 17. Be3 Qc8 18. b4 Nb7 19. h3 Be6 20. Nh2 Nd6 21. Bc5 Rd8 22. Ng4 Bxg4 23. hxg4 Nc4 24. Bxc4 bxc4 25. Qxc4 Qxg4 26. f3 Qc8 27. Rfd1 Qc7 28. a4 Rxd1+ 29. Rxd1 Rd8 30. Rxd8+ Bxd8 31. Kf1 Qd7 32. Ke2 Bg5 33. Qd3 Qe6 34. c4 h5 35. Be3 Bxe3 36. Kxe3 Qh6+ 37. Kf2 Qg5 38. Qe3 Qh4+ 39. Kg1 Qd8 40. a5 Qd1+ 41. Kh2 Qf1 42. Qc5 Qe1 43. Qe7 Qf2 44. b5 cxb5 45. cxb5 axb5 46. a6 Kh7 47. a7 f6 1/2-1/2

[Event "American Continental 02nd"]
[Site "Buenos Aires"]
[Date "2003.08.21"]
[Round "4"]
[White "Bibiloni, Jorge Jaime"]
[Black "Dorin, Mauricio"]
[Result "0-1"]
[WhiteElo "2203"]
[BlackElo "2395"]
[PlyCount "128"]
[EventDate "2003.08.17"]
[EventType "swiss"]
[EventRounds "11"]
[EventCountry "ARG"]
[SourceTitle "CBM 097"]
[Source "ChessBase"]
[SourceDate "2003.11.11"]
[SourceVersion "1"]
[SourceVersionDate "2003.11.11"]
[SourceQuality "1"]

1. e4 c5 2. d3 Nc6 3. f4 e6 4. Nf3 d5 5. Qe2 Be7 6. g3 Nf6 7. Bg2 dxe4 8. dxe4 0-0 9. 0-0 b6 10. Rd1 Qc7 11. e5 Nd7 12. Nc3 a6 13. Ne4 Rd8 14. Nd6 Nf8 15. Nxc8 Rxd1+ 16. Qxd1 Rxc8 17. Be3 Nb4 18. Qe2 c4 19. a3 Nd5 20. Bd4 b5 21. c3 Nd7 22. f5 Nc5 23. Rf1 h6 24. Nd2 Bg5 25. Ne4 Nxe4 26. Bxe4 Qd7 27. h4 Be7 28. Qg4 Nc7 29. fxe6 Nxe6 30. Qf5 Bc5 31. Qh7+ Kf8 32. Bxc5+ Rxc5 33. Bg6 Nd8 34. Qh8+ Ke7 35. Qxg7 Qe6 36. Qf6+ Qxf6 37. exf6+ Ke6 38. Be4 Re5 39. Bg2 Kd6 40. Bh3 Ne6 41. Rd1+ Kc7 42. Bg4 Nc5 43. Bf3 Nd3 44. Rd2 Re3 45. Bh5 Rxg3+ 46. Kh2 Re3 47. Bxf7 Rf3 48. Bg8 Rxf6 49. Bd5 Kd6 50. Be4 Ke5 51. Bxd3 cxd3 52. Rxd3 Rf2+ 53. Kg3 Rxb2 54. Kg4 Ra2 55. Re3+ Kd6 56. Rf3 Rxa3 57. Rf6+ Kd5 58. Rxh6 a5 59. Ra6 a4 60. h5 Rxc3 61. h6 a3 62. h7 Rc8 63. Rh6 a2 64. Ra6 Kc4 0-1

[Event "American Continental 02nd"]
[Site "Buenos Aires"]
[Date "2003.08.17"]
[Round "1"]
[White "Ramirez Alvarez, Alejandro"]
[Black "Bibiloni, Jorge Jaime"]
[Result "1-0"]
[WhiteElo "2450"]
[BlackElo "2203"]
[PlyCount "99"]
[EventDate "2003.08.17"]
[EventType "swiss"]
[EventRounds "11"]
[EventCountry "ARG"]
[SourceTitle "CBM 097"]
[Source "ChessBase"]
[SourceDate "2003.11.11"]
[SourceVersion "1"]
[SourceVersionDate "2003.11.11"]
[SourceQuality "1"]

1. d4 d5 2. c4 e6 3. Nc3 c5 4. cxd5 exd5 5. Nf3 Nc6 6. g3 Nf6 7. Bg2 c4 8. 0-0 Be7 9. Ne5 0-0 10. Bg5 Be6 11. b3 cxb3 12. Nxc6 bxc6 13. axb3 h6 14. Bf4 Qd7 15. Ra6 Qb7 16. Qa1 Bc8 17. Ra4 Bf5 18. Qb2 Rfe8 19. Rfa1 Bd8 20. b4 Bb6 21. b5 Ne4 22. bxc6 Qxc6 23. Nb5 Re7 24. Qb4 Rd7 25. Rc1 Qe6 26. Ra6 Ng5 27. Nc7 Rxc7 28. Bxc7 Qxe2 29. Ra3 Bxc7 30. Re3 Qa2 31. Rxc7 Ne4 32. Bxe4 Bxe4 33. Rc1 a5 34. Qa3 Qd2 35. Qc3 Qxc3 36. Rexc3 Bf5 37. Ra3 a4 38. Kf1 Rb8 39. Rxa4 Rb2 40. h4 Bd3+ 41. Kg1 h5 42. Rd1 Bc2 43. Ra8+ Kh7 44. Rd2 Rb1+ 45. Kg2 Bf5 46. Kf3 Rb3+ 47. Kf4 Be6 48. Ke5 Rf3 49. Rc2 Rf5+ 50. Kd6 1-0

[Event "Mar del Plata op 34th"]
[Site "Mar del Plata"]
[Date "2003.04.13"]
[Round "2"]
[White "Stefanova, Antoaneta"]
[Black "Bibiloni, Jorge Jaime"]
[Result "1-0"]
[WhiteElo "2550"]
[BlackElo "2233"]
[PlyCount "53"]
[EventDate "2003.04.12"]
[EventType "swiss"]
[EventRounds "9"]
[EventCountry "ARG"]
[SourceTitle "CBM 093 Extra"]
[Source "ChessBase"]
[SourceDate "2003.05.09"]
[SourceVersion "1"]
[SourceVersionDate "2003.05.09"]
[SourceQuality "1"]

1. d4 Nf6 2. Bg5 c5 3. d5 e5 4. Nc3 d6 5. Bxf6 gxf6 6. e4 f5 7. Bb5+ Nd7 8. exf5 Qg5 9. Qf3 a6 10. Ne4 Qh6 11. Bxd7+ Bxd7 12. Ne2 0-0-0 13. h4 Rg8 14. g4 f6 15. g5 fxg5 16. hxg5 Qg7 17. N2g3 Qf7 18. 0-0-0 Kb8 19. Qh5 Rg7 20. f6 Be8 21. fxg7 Qf4+ 22. Rd2 Bxh5 23. g8Q Bg6 24. Rxh7 Bxe4 25. Nxe4 Qxe4 26. Qf7 Qe1+ 27. Rd1 1-0